000 00936nab a2200277 4500
003 BR-BrBNA
005 20240505222451.0
008 240505b bl.||||| |||| 00| 0 por d
040 _aBR-BrBNA
_bpor
072 _aD50 ; P01
100 _aJoaquim, Décio
245 _aA necessidade urgente de um entendimento
_bLegislação Ambiental
500 _a1 illus.
650 _aLEGISLAÇÃO AMBIENTAL
650 _aPOLÍTICA AMBIENTAL
650 _aREGULARIZAÇÃO AMBIENTAL
650 _aUNIDADE DE CONSERVAÇÃO
650 _aUSO DA TERRA
650 _aDEGRADAÇÃO AMBIENTAL
650 _aDESAPROPRIAÇÃO
650 _aMATA CILIAR
650 _aBIODIVERSIDADE
773 0 _04769
_9314641
_dBebedouro - SP Grupo Técnico de Assistência e Consultoria em Citrus 2001
_o2024-0893
_tCiência e Pratica (Brazil)
_gv. 9(34) p. 10-11; (Jul-Sep 2009)
_wBR2024000945
942 _cAnalítica
999 _c299452
_d299452